| 000 | 00484nam a2200181Ia 4500 | ||
|---|---|---|---|
| 001 | 8946 | ||
| 005 | 20260306160647.0 | ||
| 008 | 260306t2017||||xx |||||||||||||| ||spa|| | ||
| 041 | _aESP | ||
| 082 |
_a372 _bM43 |
||
| 100 |
_aMérida Serrano, Rosario _eAUT |
||
| 245 | 0 |
_aDidáctica de las ciencias experimentales en educación infantil: _bun enfoque práctico |
|
| 260 | _c2017 | ||
| 300 |
_a268 páginas : _c23 cm. |
||
| 650 | _aGEN | ||
| 654 | _aCED | ||
| 942 |
_cLIB _dJUS _fJUS _2ddc _n |
||
| 999 |
_c8946 _d8946 |
||